| 000 | 00766nam a22002177a 4500 | ||
|---|---|---|---|
| 005 | 2010082105175.0 | ||
| 010 | _aENG-101164 | ||
| 020 |
_a9788177355840 _c70.00 |
||
| 020 |
_a8177355848 _c70.00 |
||
| 035 | _aEN-84697 | ||
| 037 | _bDBAD/PUB | ||
| 082 | _a954.31 | ||
| 100 |
_aVelayutham, R. _917065 |
||
| 245 |
_aHistory of Sethupathis of Ramanathapuram / _cby R.Velayutham |
||
| 260 |
_aChennai _bPavai Publications _c2008 |
||
| 270 |
_a142,Jani Jan Khan Road, Royapettah _bChennai _e600014 |
||
| 300 | 1 |
_a132p. _c20cm (pbk) |
|
| 650 |
_aHistory _zTamil Nadu _917066 |
||
| 942 |
_2ddc _cEN _h954.31 _mVEL |
||
| 999 |
_c42898 _d42898 |
||